Data mining techniques (Record no. 20765)

MARC details
000 -LEADER
fixed length control field 00580 a2200217 4500
001 - CONTROL NUMBER
control field 140469
003 - CONTROL NUMBER IDENTIFIER
control field OSt
005 - DATE AND TIME OF LATEST TRANSACTION
control field 20260320144545.0
008 - FIXED-LENGTH DATA ELEMENTS--GENERAL INFORMATION
fixed length control field
020 ## - INTERNATIONAL STANDARD BOOK NUMBER
International Standard Book Number 9788173716720
082 ## - DEWEY DECIMAL CLASSIFICATION NUMBER
Classification number 005.741
Item number P96D
100 1# - MAIN ENTRY--PERSONAL NAME
Personal name Pujari, Arun K.
245 1# - TITLE STATEMENT
Title Data mining techniques
Statement of responsibility, etc by Arun K. Pujari
250 ## - EDITION STATEMENT
Edition statement 2nd ed.
260 ## - PUBLICATION, DISTRIBUTION, ETC. (IMPRINT)
Place of publication, distribution, etc Hyderabad
Name of publisher, distributor, etc Universities Press
Date of publication, distribution, etc 2012
300 ## - PHYSICAL DESCRIPTION
Extent 317p.
546 ## - LANGUAGE NOTE
Language note english
650 ## - SUBJECT ADDED ENTRY--TOPICAL TERM
Topical term or geographic name as entry element Computer science
653 ## - INDEX TERM--UNCONTROLLED
Uncontrolled term Data mining; Information retrieval; Rough sets; Decision trees
942 ## - ADDED ENTRY ELEMENTS (KOHA)
Source of classification or shelving scheme Dewey Decimal Classification
Koha item type Books
Holdings
Withdrawn status Lost status Source of classification or shelving scheme Damaged status Not for loan Collection code Home library Current library Department Date acquired Source of acquisition Cost, normal purchase price Inventory number(Invoice/Date) Total Checkouts Full call number Barcode Date last seen Date checked out Price effective from Koha item type
    Dewey Decimal Classification     General Text Book Central University Of Rajasthan Central University Of Rajasthan Computer Science 12/03/2014 Pranay Books 350.00 180/27.09.13 3 005.741 P96D 16398 07/04/2025 28/02/2025 02/09/2020 Books